<?xml version="1.0" encoding="UTF-8"?><?xml-stylesheet type="text/xsl" href="static/style.xsl"?><OAI-PMH xmlns="http://www.openarchives.org/OAI/2.0/" xmlns:xsi="http://www.w3.org/2001/XMLSchema-instance" xsi:schemaLocation="http://www.openarchives.org/OAI/2.0/ http://www.openarchives.org/OAI/2.0/OAI-PMH.xsd"><responseDate>2026-04-28T18:39:36Z</responseDate><request verb="GetRecord" identifier="oai:riubu.ubu.es:10259/11016" metadataPrefix="marc">https://riubu.ubu.es/oai/request</request><GetRecord><record><header><identifier>oai:riubu.ubu.es:10259/11016</identifier><datestamp>2025-10-31T01:05:38Z</datestamp><setSpec>com_10259_6158</setSpec><setSpec>com_10259_5086</setSpec><setSpec>com_10259_2604</setSpec><setSpec>col_10259_8539</setSpec></header><metadata><record xmlns="http://www.loc.gov/MARC21/slim" xmlns:doc="http://www.lyncode.com/xoai" xmlns:xsi="http://www.w3.org/2001/XMLSchema-instance" xmlns:dcterms="http://purl.org/dc/terms/" xsi:schemaLocation="http://www.loc.gov/MARC21/slim http://www.loc.gov/standards/marcxml/schema/MARC21slim.xsd">
<leader>00925njm 22002777a 4500</leader>
<datafield tag="042" ind1=" " ind2=" ">
<subfield code="a">dc</subfield>
</datafield>
<datafield tag="720" ind1=" " ind2=" ">
<subfield code="a">Fernández Alonso, Alba</subfield>
<subfield code="e">author</subfield>
</datafield>
<datafield tag="720" ind1=" " ind2=" ">
<subfield code="a">Sigona, Concetta Maria</subfield>
<subfield code="e">author</subfield>
</datafield>
<datafield tag="720" ind1=" " ind2=" ">
<subfield code="a">Simarro Vázquez, María</subfield>
<subfield code="e">author</subfield>
</datafield>
<datafield tag="260" ind1=" " ind2=" ">
<subfield code="c">2025</subfield>
</datafield>
<datafield tag="520" ind1=" " ind2=" ">
<subfield code="a">Nowadays, an increasing number of postgraduate studies in language&#xd;
and literature teaching are considering the possibility of moving abroad to teach&#xd;
their mother tongue or their first foreign language. For this purpose, the&#xd;
programs organized by governmental bodies in the field of culture and education&#xd;
serve as an incentive and economic stimulus. In fact, in the case of Spain, the&#xd;
Ministry of Education and Vocational Training offered 815 places in the call for&#xd;
Spanish language assistants abroad for the academic year 2020-2021. The&#xd;
network of countries participating in this program included Germany, Australia,&#xd;
Austria, Belgium, Canada, United States, Russia, France, Ireland, Italy, Norway,&#xd;
New Zealand, United Kingdom, Sweden and Switzerland.</subfield>
</datafield>
<datafield tag="024" ind2=" " ind1="8">
<subfield code="a">978-606-26-2121-6</subfield>
</datafield>
<datafield tag="024" ind2=" " ind1="8">
<subfield code="a">https://hdl.handle.net/10259/11016</subfield>
</datafield>
<datafield tag="245" ind1="0" ind2="0">
<subfield code="a">Commonalities and discrepancies in English language teaching programs: an outlook on the european scenario</subfield>
</datafield>
</record></metadata></record></GetRecord></OAI-PMH>